000 00831nam a2200253 a 4500
001 000034020
003 DO-SdBNP
005 20150213145043.0
007 000034020
008 110921s2000 dr a 000 0 spa d
040 _aBPMET
_bspa
_cBPMET
092 _axxxx
_bA473i
100 1 _aÁlvarez Rey, Avelino,
_d1937-
245 1 0 _aIntroducción a la numismática. /
_cAvelino Álvarez Rey.
260 _aSanto Domingo :
_bBanco Central de la República Dominicana,
_c2000.
300 _a141 p. ;
_c24 cm.
490 1 _aBanco Central de la República Dominicana
504 _aBibliografía : p. 141
830 0 _aBanco Central de la República Dominicana
930 1 _lBND01
_mLF1
_820110921
_f01
_pHD
_g30008
942 _2ddc
_cBK
956 _aNMORDAN
_b10
_c20110921
_lBND01
_h1107
956 _aARIVERA
_b10
_c20110921
_lBND01
_h1556
999 _c7392
_d7392